000 01027nam0a22002651 4500
001 RU\NLR\INFOCOMM_89\5000593044
005 20250613094321.0
035 _a(NLR Aleph) 009253085
090 _a8997017
_c8997017
100 _a20100728d1983 |||y0rusy50 ca
101 0 _aeng
102 _aRU
105 _aa ||||000|y
200 1 _aDevice for study of chemical composition of high energy primary cosmic rays
_fS. N. Vernov, P. V. Vakulov, V. G. Voronin et al.
210 _aΜ.
_d1983
215 _a[1], 24, [18] с.
_cил.
_d19 см
225 1 _aPreprint
_fAcad. of sciences of the USSR, P. N. Lebedev phys. inst.
_iHigh-energy a. cosmic ray physics
_vN 230
606 _aКосмические лучи
_xПервичное излучение
_xРегистрация
_xАппараты и приборы
_2nlr_sh1
686 _aВ6316со
_2rubbk
701 1 _aVernov
_bS. N.
_f1910
_gSergej Nikolaevič
_4070
801 1 _aRU
_bNLR
_c20100728
801 0 _aRU
_bNLR
_gPSBO
852 _aNLR
_jА01 Д-4/253
942 _cBOOK
980 _aNB